INDIAN JOURNAL OF NATURAL AND RESOURCE (Record no. 267818)

MARC details
000 -LEADER
fixed length control field 00346pam a2200109a 44500
008 - FIXED-LENGTH DATA ELEMENTS--GENERAL INFORMATION
fixed length control field 230405s2011 xxu||||| |||| 00| 0 eng d
041 ## - LANGUAGE CODE
Language code of text/sound track or separate title ENG
100 ## - MAIN ENTRY--PERSONAL NAME
Personal name INDIAN JOURNAL OF NATURAL AND RESOURCE
245 ## - TITLE STATEMENT
Title INDIAN JOURNAL OF NATURAL AND RESOURCE
260 ## - PUBLICATION, DISTRIBUTION, ETC.
Place of publication, distribution, etc.
Name of publisher, distributor, etc. NATIONAL INSTITUTE OF SCIENCE COMMUNICATION AND IN NEW DELHI
Date of publication, distribution, etc. 2011
906 ## - LOCAL DATA ELEMENT F, LDF (RLIN)
a 2379
Holdings
Withdrawn status Lost status Damaged status Not for loan Collection Home library Current library Date acquired Total Checkouts Barcode Date last seen Price effective from Koha item type
          College of Pharmacy, Kolhapur College of Pharmacy, Kolhapur 14/04/2023   PCK-B-403 14/04/2023 14/04/2023 Book